[Event "XLIV Capablanca Memorial Open"]
[Site "Havana CUB"]
[Date "2009.06.11"]
[Round "4"]
[White "Miranda,Y"]
[Black "Garcia Pantoja,R"]
[Result "0-1"]
[WhiteElo "2196"]
[BlackElo "2369"]
[EventDate "2009.06.08"]

1. d4 Nf6 2. c4 e6 3. Nc3 Bb4 4. e3 c5 5. Bd3 O-O 6. Nf3 d5 7. O-O Nc6 8.
a3 Bxc3 9. bxc3 dxc4 10. Bxc4 Qc7 11. Qe2 e5 12. h3 Bf5 13. Bb2 Rfe8 14.
Bb5 e4 15. Ne5 Nd7 16. f4 a6 17. Bc4 Ndxe5 18. fxe5 Bg6 19. h4 b5 20. Bd5
h5 21. g4 Qd7 22. c4 bxc4 23. Bxc6 Qxc6 24. gxh5 Bh7 25. Qxc4 Qd7 26. Rf4
Rab8 27. Qe2 Qh3 28. h6 Re6 29. Rg4 Rxh6 30. Rg2 Rbb6 31. h5 Rxh5 32. Rf1
Rg6 33. Rxg6 Bxg6 34. Rf4 Qh1+ 0-1

[Event "XLIV Capablanca Memorial Open"]
[Site "Havana CUB"]
[Date "2009.06.11"]
[Round "4"]
[White "Frometa Castillo,Z"]
[Black "Ordaz Valdes,L"]
[Result "0-1"]
[WhiteElo "2184"]
[BlackElo "2296"]
[EventDate "2009.06.08"]

1. d4 Nf6 2. Nf3 d5 3. Bf4 e6 4. e3 Bd6 5. Bg3 O-O 6. Bd3 c5 7. c3 Nc6 8.
Nbd2 Qe7 9. Ne5 Nd7 10. Nxd7 Bxd7 11. dxc5 Bxc5 12. b4 Bb6 13. Nf3 h6 14.
O-O Rac8 15. Rc1 f5 16. Ne5 Nxe5 17. Bxe5 Bc7 18. Bd4 e5 19. Bc5 Bd6 20.
Bxa7 b5 21. Bb6 Rb8 22. Ba5 Bc6 23. Bc2 e4 24. Bb3 Qe5 25. g3 f4 26. exf4
Rxf4 27. Qd4 Qe6 28. Rfd1 Qh3 29. Bxd5+ Kh8 30. f3 exf3 31. Qf2 Rg4 32.
Qxf3 Bxg3 33. hxg3 Rxg3+ 34. Qxg3 Qxg3+ 35. Kh1 Qh3+ 36. Kg1 Qg4+ 37. Kh2
Qh5+ 38. Kg3 Bxd5 39. Rd4 Re8 40. Rf4 Re3+ 0-1

[Event "XLIV Capablanca Memorial Open"]
[Site "Havana CUB"]
[Date "2009.06.11"]
[Round "4"]
[White "Almeida Quintana,O"]
[Black "Alonso,J"]
[Result "1-0"]
[WhiteElo "2516"]
[BlackElo "2266"]
[EventDate "2009.06.08"]

1. d4 f5 2. Nc3 Nf6 3. Bg5 d5 4. f3 Nc6 5. Qd2 h6 6. Bxf6 exf6 7. Nh3 Be6
8. e4 fxe4 9. Nf4 Bf7 10. fxe4 dxe4 11. Bb5 a6 12. Bxc6+ bxc6 13. Nxe4 Be7
14. O-O O-O 15. Qc3 Re8 16. Rad1 Qb8 17. b3 Qb6 18. Ng3 g6 19. Ne4 Rad8 20.
Kh1 f5 21. Nc5 Bf6 22. Qg3 Kh7 23. c3 g5 24. Nfd3 Bg6 25. Qh3 f4 26. Nd7
Rxd7 27. Qxd7+ Re7 28. Qc8 Qb5 29. Ne5 Bxe5 30. dxe5 Be4 31. Rf2 Qxe5 32.
Qxa6 g4 33. Rdf1 f3 34. gxf3 gxf3 35. Qc4 Rg7 36. Re1 Rg4 37. Qxc6 Qf5 38.
Qxc7+ Rg7 39. Qc4 Bb7 40. a4 h5 41. b4 Kh6 42. Qe6+ Qxe6 43. Rxe6+ Kg5 44.
c4 Rd7 45. Re1 Rd4 46. Rc1 Kf4 47. Kg1 Ke3 48. Rc3+ Kf4 49. c5 Be4 50. c6
Rd1+ 51. Rf1 Rd2 52. Rc4 Rg2+ 53. Kh1 Ke3 54. c7 Rc2 55. c8=Q 1-0

[Event "XLIV Capablanca Memorial Open"]
[Site "Havana CUB"]
[Date "2009.06.11"]
[Round "4"]
[White "Gomez,Fe"]
[Black "Cori,J"]
[Result "1-0"]
[WhiteElo "2359"]
[BlackElo "2418"]
[EventDate "2009.06.08"]

1. d4 Nf6 2. Nf3 g6 3. Bg5 Ne4 4. Bf4 d5 5. e3 Bg7 6. Nbd2 Nd6 7. Bd3 Nc6
8. c3 O-O 9. O-O Re8 10. Qb3 e6 11. Rad1 Na5 12. Qa4 b6 13. e4 dxe4 14.
Nxe4 Bb7 15. Ned2 Nc6 16. Rfe1 Ne7 17. Ne5 Ndf5 18. Bb5 Rf8 19. Nc6 Nxc6
20. Bxc6 Bxc6 21. Qxc6 Rc8 22. Nf3 Qe8 23. Qc4 Ne7 24. Qa6 Qc6 25. Ne5 Qa8
26. Qa4 Rfd8 27. h3 Rd5 28. Nf3 Qc6 29. Qb3 Nf5 30. c4 Rdd8 31. d5 exd5 32.
cxd5 Qc5 33. Rc1 Qxd5 34. Re8+ Rxe8 35. Qxd5 c5 36. b3 Rcd8 37. Qb7 Re7 38.
Qa6 Rde8 39. g4 Re4 40. gxf5 Rxf4 41. Kg2 gxf5 42. Qxa7 Bh6 43. Qxb6 Re6
44. Qb8+ Kg7 45. Rc3 Rg6+ 46. Kf1 Re6 47. Qb7 Ree4 48. a4 1-0

[Event "XLIV Capablanca Memorial Open"]
[Site "Havana CUB"]
[Date "2009.06.11"]
[Round "4"]
[White "Prasca Sosa,R"]
[Black "Obregon,A"]
[Result "1-0"]
[WhiteElo "2415"]
[BlackElo "2406"]
[EventDate "2009.06.08"]

1. e4 c5 2. Nf3 Nc6 3. d4 cxd4 4. Nxd4 Nf6 5. Nc3 e5 6. Ndb5 d6 7. Bg5 a6
8. Na3 b5 9. Nd5 Be7 10. Bxf6 Bxf6 11. c4 b4 12. Nc2 Rb8 13. b3 O-O 14. g3
g6 15. Nxf6+ Qxf6 16. Bg2 h5 17. h4 Rd8 18. O-O Be6 19. Qd2 a5 20. Rfe1 Rd7
21. Re3 Nd8 22. Rf1 Nb7 23. Ne1 Nc5 24. Nf3 a4 25. Ng5 Qe7 26. f4 Bg4 27.
f5 f6 28. Nh3 gxf5 29. exf5 Qh7 30. bxa4 Kh8 31. Kh2 Bxf5 32. Bc6 b3 33.
axb3 Nxb3 34. Qb2 Rc7 35. Bg2 Bd3 36. Rxf6 Qg7 37. Rxd3 Qxf6 38. Rxb3 Rbc8
39. Bd5 Qf5 40. Rf3 Qg4 41. Qf2 Qg7 42. Rf5 Qh6 43. Ng5 Qg6 44. Rf6 Qg7 45.
Qf3 1-0

[Event "XLIV Capablanca Memorial Open"]
[Site "Havana CUB"]
[Date "2009.06.11"]
[Round "4"]
[White "Figueredo,L"]
[Black "Macias Murillo,B"]
[Result "0-1"]
[WhiteElo "2419"]
[BlackElo "2299"]
[EventDate "2009.06.08"]

1. c4 c5 2. Nf3 Nf6 3. Nc3 d6 4. d4 cxd4 5. Nxd4 e6 6. e4 a6 7. Be2 b6 8.
O-O Bb7 9. f3 Nbd7 10. Be3 Be7 11. Qd2 O-O 12. Rac1 Re8 13. Kh1 Qc7 14. Bg1
Rac8 15. Rc2 h5 16. Bf2 Ne5 17. Rcc1 Qb8 18. b3 Bd8 19. h3 Ng6 20. f4 Nxe4
21. Nxe4 Bxe4 22. Bxh5 Qb7 23. Bg3 Nh4 24. Bxh4 Bxh4 25. Nf3 Bxf3 26. Bxf3
Qc7 27. Rcd1 Rcd8 28. Qd3 g6 29. Be4 Kg7 30. g4 Qc5 31. Qf3 f5 32. Bb1 Re7
33. Rg1 Rh8 34. gxf5 exf5 35. Rd5 Qf2 36. Qd3 Re1 37. Qc3+ Bf6 0-1

[Event "XLIV Capablanca Memorial Open"]
[Site "Havana CUB"]
[Date "2009.06.11"]
[Round "4"]
[White "Guerra Tulcan,L"]
[Black "Borges Feria,Y"]
[Result "1-0"]
[WhiteElo "2343"]
[BlackElo "2400"]
[EventDate "2009.06.08"]

1. e4 c5 2. Nf3 d6 3. c4 Nf6 4. Nc3 Nc6 5. d4 Bg4 6. d5 Nd4 7. Be3 g6 8.
Bxd4 cxd4 9. Qxd4 Bxf3 10. gxf3 Bg7 11. f4 O-O 12. Be2 e6 13. Qd3 exd5 14.
cxd5 Re8 15. O-O Nd7 16. Qf3 Bxc3 17. bxc3 Nc5 18. Bd3 Qf6 19. Bc2 g5 20.
f5 Kh8 21. Kh1 Nd7 22. Rg1 Rg8 23. Qe3 Rac8 24. Rg3 h5 25. Rag1 h4 26. Rxg5
Rxg5 27. Rxg5 Rxc3 28. Qf4 Nf8 29. Rh5+ Nh7 30. Rh6 Qg7 31. f6 Qg8 32. Rxh4
Rxc2 33. Rg4 Qc8 34. h3 Qc4 35. Qh6 1-0

[Event "XLIV Capablanca Memorial Open"]
[Site "Havana CUB"]
[Date "2009.06.11"]
[Round "4"]
[White "Arias,Le"]
[Black "Ostos,J"]
[Result "1-0"]
[WhiteElo "2406"]
[BlackElo "2316"]
[EventDate "2009.06.08"]

1. e4 e6 2. d4 d5 3. Nc3 Bb4 4. Nge2 Nf6 5. e5 Ne4 6. a3 Qh4 7. Be3 Bxc3+
8. Nxc3 Nxc3 9. bxc3 b6 10. Bd3 Ba6 11. O-O Bxd3 12. Qxd3 O-O 13. f4 f5 14.
c4 c6 15. cxd5 cxd5 16. c4 Qd8 17. Rfc1 Nc6 18. Rab1 Qd7 19. cxd5 exd5 20.
Qb5 Rac8 21. Rb2 Rc7 22. Rbc2 Rfc8 23. a4 Kf7 24. g4 g6 25. gxf5 gxf5 26.
Qe2 Ke6 27. Qh5 Qf7 28. Qh3 Kd7 29. Qh6 Qg6+ 30. Qxg6 hxg6 31. Kf2 Nd8 32.
Rxc7+ Rxc7 33. Rg1 Rc6 34. h4 Nf7 35. Kf3 Nh6 36. h5 Ng4 37. hxg6 Rxg6 38.
Rg2 a6 39. Bd2 b5 40. axb5 axb5 41. Bb4 Rh6 42. Rxg4 fxg4+ 43. Kxg4 Rg6+
44. Kh5 1-0

[Event "XLIV Capablanca Memorial Open"]
[Site "Havana CUB"]
[Date "2009.06.11"]
[Round "4"]
[White "Gonzalez Vidal,Y"]
[Black "Arribas Robaina,M"]
[Result "1-0"]
[WhiteElo "2501"]
[BlackElo "2336"]
[EventDate "2009.06.08"]

1. e4 e6 2. d4 d5 3. Nd2 dxe4 4. Nxe4 Nd7 5. Nf3 Ngf6 6. Nxf6+ Nxf6 7. c3
Be7 8. Bd3 O-O 9. Qe2 c5 10. dxc5 Bxc5 11. Bg5 Be7 12. O-O-O Qc7 13. h4 Rd8
14. Kb1 a5 15. Bxf6 Bxf6 16. Ng5 g6 17. Nxh7 Kxh7 18. h5 Kg7 19. hxg6 fxg6
20. Bxg6 Rxd1+ 21. Qxd1 Qe5 22. f4 Qd5 23. Qg4 Kf8 24. Rd1 Qb5 25. Bh7 Ke7
26. Bd3 Qe8 27. Bg6 Qh8 28. Qf3 Ra6 29. Qd3 Kf8 30. Be4 Qh5 31. Bf3 Qf5 32.
Be4 Qc5 33. g4 Rb6 34. g5 Bxc3 35. b3 Qc7 36. Rc1 Bd7 37. Qxc3 Qxf4 38.
Qh8+ Ke7 39. Qg7+ Kd8 40. Qg8+ Ke7 41. Qh7+ Kd8 42. Rd1 Rd6 43. Qh8+ Kc7
44. Qc3+ Kb6 45. Rxd6+ Qxd6 46. Qe3+ Kc7 47. Qc3+ Kb6 48. g6 Bc6 49. Bc2
Qf4 50. g7 Qf1+ 51. Kb2 Qg1 52. Qe5 Qg2 53. Qd4+ Kc7 54. Qf4+ Kb6 55. Qf8
Be4 56. Qd6+ Ka7 57. Qd4+ b6 58. Qxe4 Qxg7+ 59. Kc1 Qg5+ 60. Kd1 Qg1+ 61.
Kd2 Qf2+ 62. Kc3 Qc5+ 63. Qc4 Qe3+ 64. Kb2 Qe5+ 65. Qc3 Qf4 66. Qg7+ Kb8
67. Qg8+ Ka7 68. Qg7+ Kb8 69. a4 e5 70. Qg8+ Ka7 71. Qh7+ Kb8 72. Qe4 Qh2
73. Qc6 Qf2 74. Qd6+ Ka7 75. Qxe5 Kb7 76. Qe4+ Kc7 77. Qc4+ Kb8 78. Ka2 Kb7
79. Qe4+ Kb8 80. Qf5 Qd4 81. Qd3 Qf2 82. Qd8+ Kb7 83. Kb1 Qe3 84. Qd3 Qe1+
85. Qd1 Qe3 86. Bd3 Kb8 87. Qe2 Qg1+ 88. Ka2 Qc5 89. Qe8+ Ka7 90. Qf7+ Kb8
91. Be4 Qc8 92. Qe7 1-0

[Event "XLIV Capablanca Memorial Open"]
[Site "Havana CUB"]
[Date "2009.06.11"]
[Round "4"]
[White "Hevia,A"]
[Black "Martinez,Lel"]
[Result "1/2-1/2"]
[WhiteElo "2332"]
[BlackElo "2520"]
[EventDate "2009.06.08"]

1. e4 c5 2. Nf3 Nc6 3. d4 cxd4 4. Nxd4 g6 5. c4 Bg7 6. Be3 Nf6 7. Nc3 O-O
8. Be2 d6 9. O-O Bd7 10. f3 Nxd4 11. Bxd4 Bc6 12. Qd2 a5 13. b3 Nd7 14. Be3
Nc5 15. Rab1 Qb6 16. Rfc1 Rfc8 17. Rc2 h5 18. Bf1 Kh7 19. Nd5 Qd8 20. g3 e6
21. Nc3 Qe7 22. Bg2 Rd8 23. Ne2 Qc7 24. Nd4 Be8 25. Kh1 Rdc8 26. Rbc1 Qb6
27. Ne2 Rd8 28. Bg5 Rd7 29. Rd1 Qb4 30. Nd4 Rc7 31. Be3 Qxd2 32. Rdxd2 a4
33. b4 Na6 34. a3 Rac8 35. b5 Bxd4 36. Rxd4 Bxb5 37. Bf1 Nb8 38. Rxd6 Bxc4
39. Bb6 Rc6 40. Rxc6 Rxc6 41. Rxc4 Rxb6 42. Rxa4 Nc6 43. Rc4 Rb3 44. f4 e5
45. a4 exf4 46. gxf4 Rf3 47. Bg2 Rxf4 48. Rc5 Rf2 49. e5 Re2 50. Bxc6 bxc6
51. a5 Ra2 52. e6 fxe6 53. Rxc6 e5 54. a6 Kh6 55. Re6 Kg5 56. Rxe5+ Kf4 57.
Re6 g5 58. Rf6+ Kg4 59. Rb6 h4 60. Kg1 Ra1+ 61. Kg2 h3+ 62. Kf2 Ra2+ 63.
Kg1 Kh4 64. Rc6 g4 65. Rb6 Kg5 66. Rc6 Kf4 67. Rf6+ 1/2-1/2

[Event "XLIV Capablanca Memorial Open"]
[Site "Havana CUB"]
[Date "2009.06.11"]
[Round "4"]
[White "Bacallao,Y"]
[Black "Leyva Rivera,Y"]
[Result "1-0"]
[WhiteElo "2469"]
[BlackElo "2392"]
[EventDate "2009.06.08"]

1. Nf3 Nf6 2. b3 d5 3. Bb2 e6 4. e3 Be7 5. c4 O-O 6. Nc3 c5 7. d4 Nc6 8.
Bd3 b6 9. cxd5 exd5 10. dxc5 bxc5 11. O-O Bg4 12. Be2 Re8 13. Rc1 Rc8 14.
Na4 d4 15. Nxd4 Bxe2 16. Nxe2 Nb4 17. Bxf6 Bxf6 18. a3 Na6 19. Nf4 Be5 20.
Qc2 Bxf4 21. exf4 Qf6 22. Qc4 h6 23. g3 Rb8 24. Rfe1 Red8 25. Red1 Qc6 26.
Rd3 Rxd3 27. Qxd3 Qb5 28. Qxb5 Rxb5 29. Rc3 Kf8 30. Kg2 Ke7 31. g4 Kd6 32.
Nb2 Nc7 33. Nc4+ Ke7 34. Kg3 Ne6 35. a4 Rb4 36. Re3 Kf8 37. Ne5 Rb7 38. Nf3
Rb4 39. Ne5 Rb7 40. Nf3 Rb4 41. f5 Nd4 42. Nd2 a6 43. h3 f6 44. Kg2 h5 45.
Rc3 hxg4 46. hxg4 Ke7 47. f3 Kf7 48. Rxc5 Nxb3 49. Rc7+ Kg8 50. Nxb3 Rxb3
51. Rc6 a5 52. Rc5 g6 53. fxg6 Kg7 54. Rxa5 Ra3 55. Ra8 Kxg6 56. a5 Ra4 57.
a6 Kh6 58. a7 Kg7 59. f4 Ra3 60. f5 Kh7 61. g5 Ra2+ 62. Kg3 Ra3+ 63. Kg4
Ra4+ 64. Kh5 fxg5 65. f6 Rh4+ 66. Kxg5 Rh5+ 67. Kg4 Rg5+ 68. Kf4 1-0

[Event "XLIV Capablanca Memorial Open"]
[Site "Havana CUB"]
[Date "2009.06.11"]
[Round "4"]
[White "Aguero,L"]
[Black "Ortiz Suarez,I"]
[Result "0-1"]
[WhiteElo "2400"]
[BlackElo "2493"]
[EventDate "2009.06.08"]

1. e4 c5 2. Nf3 d6 3. d4 cxd4 4. Nxd4 Nf6 5. Nc3 a6 6. Bg5 e6 7. f4 Bd7 8.
Qf3 Nc6 9. O-O-O Qb6 10. Bxf6 gxf6 11. Nb3 Be7 12. Kb1 h5 13. g3 O-O-O 14.
Bh3 Kb8 15. Qe2 h4 16. f5 Bc8 17. Qe1 hxg3 18. hxg3 Rdg8 19. Qg1 Qxg1 20.
Rdxg1 Rg7 21. Ne2 Rgh7 22. Bg2 Rxh1 23. Rxh1 Rxh1+ 24. Bxh1 exf5 25. exf5
Bxf5 26. Nf4 Bd8 27. Nd5 Be6 28. Nd2 Ne5 29. Nb3 f5 30. Nd4 Bg5 31. b3 Ng4
32. Nf4 Bd7 33. Bd5 Ne5 34. c3 Bxf4 35. gxf4 Nd3 36. Ne2 Bc6 37. Bxc6 bxc6
38. Kc2 Ne1+ 39. Kd2 Ng2 40. Kd3 Kc7 41. Kc4 c5 42. b4 Kc6 43. a4 Ne3+ 44.
Kd3 Nd5 45. b5+ axb5 46. axb5+ Kd7 47. c4 Nb6 48. Nc3 Ke6 49. Ne2 d5 50.
cxd5+ Nxd5 51. Kc4 Kd6 52. Ng3 Nb6+ 53. Kd3 Kd5 54. Nxf5 c4+ 55. Ke3 Kc5
56. Ke2 Nd5 57. Ng3 Kxb5 58. Ne4 Kb4 59. Nd6 f6 60. Ne4 c3 61. f5 Kc4 62.
Nd6+ Kc5 63. Ne4+ Kd4 64. Ng3 Nb4 65. Kf3 Kd3 66. Nh1 c2 0-1

[Event "XLIV Capablanca Memorial Open"]
[Site "Havana CUB"]
[Date "2009.06.11"]
[Round "4"]
[White "Figueroa,Marc"]
[Black "Larduet Despaigne,C"]
[Result "1/2-1/2"]
[WhiteElo "2195"]
[BlackElo "2326"]
[EventDate "2009.06.08"]

1. e4 c5 2. Nf3 d6 3. Bb5+ Nd7 4. d4 Ngf6 5. Nc3 cxd4 6. Qxd4 a6 7. Bxd7+
Nxd7 8. e5 dxe5 9. Nxe5 f6 10. Nxd7 Qxd7 11. Qe4 Qe6 12. Be3 Qxe4 13. Nxe4
Bf5 14. f3 Rc8 15. O-O-O e5 16. Rd3 Be7 17. Rhd1 h5 18. Rc3 Kf7 19. Bb6
Bxe4 20. Rxc8 Rxc8 21. fxe4 Ke6 22. c3 g6 23. Kd2 f5 24. Ke2 f4 1/2-1/2

[Event "XLIV Capablanca Memorial Open"]
[Site "Havana CUB"]
[Date "2009.06.11"]
[Round "4"]
[White "Martin Rosabal,N"]
[Black "Cruz de la Osa,R"]
[Result "0-1"]
[WhiteElo "1982"]
[BlackElo "2228"]
[EventDate "2009.06.08"]

1. e4 c5 2. Nf3 d6 3. d4 cxd4 4. Nxd4 Nf6 5. Nc3 a6 6. h3 e5 7. Nde2 Be7 8.
g4 Be6 9. Bg2 h6 10. O-O h5 11. g5 Nh7 12. h4 Nd7 13. Ng3 g6 14. Nd5 Nb6
15. Nxe7 Qxe7 16. b3 O-O-O 17. Be3 Nd7 18. Qd2 f6 19. f4 exf4 20. Bxf4 Ne5
21. gxf6 Qxf6 22. Qc3+ Kb8 23. Bg5 Qg7 24. Bxd8 Rxd8 25. Qa5 Qe7 26. Rf4
Bg4 27. Raf1 Qxh4 28. Qb6 Qe7 29. Nh1 Rc8 30. R4f2 h4 31. Qe3 Qd7 32. Re1
Be6 33. Rd2 h3 34. Bf3 Bg4 35. Bd1 Bxd1 36. Rexd1 Qg4+ 37. Qg3 Qxg3+ 38.
Nxg3 Nf3+ 39. Kh1 Nxd2 40. Rxd2 Rc3 41. Ne2 Re3 42. Ng1 g5 43. Rxd6 g4 44.
Rg6 Rxe4 45. c4 Ka7 46. Kh2 Nf8 47. Rg8 Ne6 48. Re8 Nc5 49. Rxe4 Nxe4 50.
Ne2 Kb6 51. Nc1 Kc5 52. Nd3+ Kd4 53. Nf4 Ke3 54. Ne6 Kf3 55. Nd4+ Kf2 0-1

[Event "XLIV Capablanca Memorial Open"]
[Site "Havana CUB"]
[Date "2009.06.11"]
[Round "4"]
[White "Blanco,H"]
[Black "Clavijo,J"]
[Result "1-0"]
[WhiteElo "2440"]
[BlackElo "2365"]
[EventDate "2009.06.08"]

1. e4 c5 2. Ne2 d6 3. g3 Nc6 4. Bg2 g6 5. c3 Bg7 6. d4 e5 7. Be3 Qe7 8. Na3
Nf6 9. d5 Nb8 10. f3 O-O 11. Qd2 Bd7 12. b4 b6 13. Rb1 Na6 14. g4 Ne8 15.
Ng3 Nac7 16. O-O Nf6 17. Bg5 Rfc8 18. bxc5 bxc5 19. Rb7 Qf8 20. Rfb1 Nfe8
21. Nc4 Bf6 22. Bxf6 Nxf6 23. g5 Nfe8 24. f4 exf4 25. Qxf4 Rd8 26. e5 Bc8
27. exd6 Na6 28. d7 Rxd7 29. Rxd7 Bxd7 30. Ne5 Bc8 31. d6 Rb8 32. Rd1 Nxd6
33. Nc6 Rb2 34. Rxd6 Bb7 35. Rd8 Rxg2+ 36. Kf1 1-0

[Event "XLIV Capablanca Memorial Open"]
[Site "Havana CUB"]
[Date "2009.06.12"]
[Round "5"]
[White "Clavijo,J"]
[Black "Marrero Lopez,Yan"]
[Result "1-0"]
[WhiteElo "2365"]
[BlackElo "2224"]
[EventDate "2009.06.08"]

1. e4 e5 2. Nf3 Nc6 3. Bb5 Nf6 4. O-O Nxe4 5. d4 Nd6 6. Bxc6 dxc6 7. dxe5
Nf5 8. Qxd8+ Kxd8 9. Nc3 Bd7 10. h3 h6 11. Ne4 b6 12. b3 Kc8 13. Bb2 c5 14.
c4 Be6 15. g4 Ne7 16. Nfd2 g5 17. Ng3 Ng6 18. Nh5 Kb7 19. Ne4 Be7 20. Kh2
a6 21. Nef6 Bxf6 22. exf6 Rad8 23. Rad1 b5 24. Ng7 Bc8 25. Rfe1 Rxd1 26.
Rxd1 Nf4 27. Be5 Ne6 28. Kg3 Nd8 29. f4 Nc6 30. Bc3 Nd4 31. Bxd4 Rd8 32. h4
gxh4+ 33. Kxh4 cxd4 34. g5 hxg5+ 35. fxg5 c5 36. g6 fxg6 37. Kg5 Kc6 38. f7
Rf8 39. Kxg6 Kd6 40. Kf6 Bg4 41. Rg1 Bd7 42. Rg5 bxc4 43. bxc4 Rh8 44. Rd5+
Kc7 45. Ke7 Bc6 46. Ne6+ Kb6 47. Rd6 1-0

[Event "XLIV Capablanca Memorial Open"]
[Site "Havana CUB"]
[Date "2009.06.12"]
[Round "5"]
[White "Borges Feria,Y"]
[Black "Ordaz Valdes,L"]
[Result "1-0"]
[WhiteElo "2400"]
[BlackElo "2296"]
[EventDate "2009.06.08"]

1. Nf3 d5 2. b3 Bf5 3. Bb2 e6 4. e3 Nf6 5. Be2 h6 6. O-O Bd6 7. Ne5 O-O 8.
f4 Nbd7 9. d3 Qe7 10. a4 Bc5 11. Rf3 a5 12. Nd2 Rfd8 13. h3 Ne8 14. Kh1 Qh4
15. Nf1 Nxe5 16. fxe5 Qe7 17. Ng3 Be4 18. Rf1 Qg5 19. Kh2 Bg6 20. d4 Bb6
21. Rf4 Qe7 22. Bh5 c5 23. Qg4 Qg5 24. Qf3 Bxh5 25. Nxh5 Rd7 26. Rf1 f5 27.
g4 fxg4 28. Rf8+ Kh7 29. hxg4 Nc7 30. Rxa8 Nxa8 31. Qe2 Nc7 32. Rf8 Qg6 33.
Nf4 Qe4 34. g5 g6 35. Rf6 cxd4 36. Rxg6 Qxe3 37. Rxh6+ Kg8 38. Rf6 Rh7+ 39.
Kg2 Qxe2+ 40. Nxe2 Rh4 41. Ng3 Bc5 42. Bc1 Be7 43. Rf4 Rxf4 44. Bxf4 Na6
45. Ne2 Bc5 46. Bd2 b6 47. Kf3 Bf8 48. Nxd4 Nc7 49. Kf4 Kf7 50. Be3 Na6 51.
g6+ Kxg6 52. Nxe6 Bh6+ 53. Kf3 Bxe3 54. Kxe3 Kf5 55. Nf8 Kxe5 56. Nd7+ Kd6
57. Nxb6 Nc5 58. Nc8+ Kd7 59. Kd4 Ne6+ 60. Ke5 Nc7 61. Na7 Ne8 62. Kxd5 Kc7
63. Kc5 Kb7 64. Nc6 Ka6 65. Nb8+ Kb7 66. Nd7 Nc7 67. c3 Ka6 68. Kc6 Ne6 69.
Nc5+ 1-0

[Event "XLIV Capablanca Memorial Open"]
[Site "Havana CUB"]
[Date "2009.06.12"]
[Round "5"]
[White "Linares Napoles,O"]
[Black "Espinosa Garcia,S"]
[Result "1-0"]
[WhiteElo "2295"]
[BlackElo "2122"]
[EventDate "2009.06.08"]

1. e4 d5 2. exd5 Qxd5 3. Nf3 Nf6 4. Be2 Bf5 5. d4 c6 6. c4 Qd8 7. Nc3 e6 8.
O-O Be7 9. Bf4 O-O 10. h3 h6 11. Qd2 Ne4 12. Nxe4 Bxe4 13. Qe3 Bh7 14. Rad1
Bf6 15. Rd2 Re8 16. Rfd1 Nd7 17. Ne5 Nb6 18. b3 Qe7 19. Bh5 Rf8 20. a4 g6
21. Bf3 g5 22. Bg3 Bxe5 23. dxe5 Rad8 24. a5 Nc8 25. h4 Bf5 26. hxg5 hxg5
27. a6 bxa6 28. Bxc6 Nb6 29. c5 Nd5 30. Bxd5 exd5 31. Rxd5 Rxd5 32. Rxd5
Be6 33. Rd6 Rb8 34. c6 Rxb3 35. Qd2 Rb8 36. c7 Rc8 37. Rd8+ Kh7 38. Qd3+
Kh6 39. Rxc8 Bxc8 40. Qd8 Qe6 41. f4 g4 42. Bh4 a5 43. Qg8 Qb6+ 44. Kh2 g3+
45. Qxg3 Qxc7 46. Bf6 1-0

[Event "XLIV Capablanca Memorial Open"]
[Site "Havana CUB"]
[Date "2009.06.12"]
[Round "5"]
[White "Ramon Pita,V"]
[Black "Vigoa Apecheche,Yan"]
[Result "1-0"]
[WhiteElo "2233"]
[BlackElo "2244"]
[EventDate "2009.06.08"]

1. d4 Nf6 2. c4 e6 3. g3 c5 4. d5 b5 5. dxe6 fxe6 6. Bg2 d5 7. cxd5 exd5 8.
Nc3 Bb7 9. Nxb5 Qd7 10. Na3 Bd6 11. Nh3 O-O 12. O-O Na6 13. Bf4 Rae8 14.
Bxd6 Qxd6 15. Nc4 Qd8 16. Nd2 Qe7 17. Re1 Kh8 18. a3 Nb8 19. e3 Nbd7 20. f4
Qd8 21. g4 Nb6 22. g5 Ng8 23. Rc1 Ne7 24. Nf2 Nf5 25. Ng4 Nd7 26. Nf1 Qa8
27. Rc2 d4 28. Bxb7 Qxb7 29. Rf2 dxe3 30. Nfxe3 Nd4 31. Ref1 Qe4 32. b4 Rd8
33. Qe1 cxb4 34. axb4 Rde8 35. Qd2 Rd8 36. Qa2 Qb7 37. Nc4 Qc7 38. Nce5
Nxe5 39. Nxe5 Rde8 40. g6 Re6 41. Nf7+ Kg8 42. Ng5 Qb6 43. Nxe6 Qxe6 44.
gxh7+ Kxh7 45. Qxe6 Nxe6 46. f5 Nd4 47. f6 g5 48. Rd1 Nc6 49. b5 Ne5 50.
Rd5 Ng4 51. Rd7+ Kg6 52. Rg7+ Kh6 53. Rb2 Rxf6 54. Rxa7 Kh5 55. b6 Ne3 56.
Rb1 1-0

[Event "XLIV Capablanca Memorial Open"]
[Site "Havana CUB"]
[Date "2009.06.12"]
[Round "5"]
[White "Catala,I"]
[Black "Herrera Sosa,J"]
[Result "0-1"]
[WhiteElo "2173"]
[BlackElo "1927"]
[EventDate "2009.06.08"]

1. d4 Nf6 2. Nf3 g6 3. g3 Bg7 4. Bg2 O-O 5. O-O d5 6. Nc3 b6 7. a4 Bb7 8.
a5 Na6 9. Ne5 bxa5 10. Rxa5 c5 11. Rb5 Qc8 12. dxc5 Nxc5 13. Be3 Ncd7 14.
Nxd7 Qxd7 15. Rxb7 Qxb7 16. Nxd5 Nxd5 17. Bxd5 Qxb2 18. Bxa8 Rxa8 19. Qd5
Rc8 20. Qd7 Ra8 21. Rd1 h5 22. Qc6 Qb8 23. Rd7 Bf6 24. Rb7 Qd8 25. Bxa7 h4
26. Kg2 Kg7 27. Bb6 Qd1 28. Rd7 h3+ 29. Kxh3 Qf1+ 30. Kg4 Qxe2+ 31. f3 Rh8
32. h4 Qg2 33. Kf4 Rh5 34. g4 Qh2+ 35. Ke3 Re5+ 36. Qe4 Rxe4+ 37. Kxe4 Qe2+
38. Kf4 Qe5+ 0-1

[Event "XLIV Capablanca Memorial Open"]
[Site "Havana CUB"]
[Date "2009.06.12"]
[Round "5"]
[White "Fernandez Garcia,JoseL1"]
[Black "Carvajal,N"]
[Result "1-0"]
[WhiteElo "2457"]
[BlackElo "2330"]
[EventDate "2009.06.08"]

1. e4 c5 2. Nf3 d6 3. d4 Nf6 4. Nc3 cxd4 5. Nxd4 g6 6. Bc4 Bg7 7. O-O O-O
8. Re1 Nc6 9. Nb3 Be6 10. Nd5 Rc8 11. Bf1 Bxd5 12. exd5 Nb4 13. c4 b5 14.
a3 bxc4 15. axb4 cxb3 16. Qxb3 Qd7 17. Be3 Rc7 18. h3 Rb8 19. Ra5 e6 20.
dxe6 fxe6 21. Bd2 Nd5 22. Bc4 Rxc4 23. Qxc4 Bxb2 24. Qa2 Be5 25. Rxa7 Qb5
26. Rc1 Bd4 27. Ra8 Kg7 28. Rxb8 Qxb8 29. Qa6 Kf6 30. Rc8 Qb6 31. Rf8+ 1-0

[Event "XLIV Capablanca Memorial Open"]
[Site "Havana CUB"]
[Date "2009.06.12"]
[Round "5"]
[White "Ortiz,Na"]
[Black "Trujillo Villega,P"]
[Result "0-1"]
[WhiteElo "2248"]
[BlackElo "2209"]
[EventDate "2009.06.08"]

1. e4 c5 2. Nf3 Nc6 3. d4 cxd4 4. Nxd4 g6 5. Nc3 Bg7 6. Be3 Nf6 7. Bc4 O-O
8. Bb3 d6 9. f3 Bd7 10. Qd2 Nxd4 11. Bxd4 b5 12. h4 a5 13. h5 e5 14. Be3 a4
15. Bd5 b4 16. Ne2 Nxd5 17. exd5 Qe7 18. Bh6 Rfc8 19. Bxg7 Kxg7 20. hxg6
fxg6 21. Ng3 Bf5 22. Nxf5+ gxf5 23. Rh5 Rc4 24. Qd3 Rac8 25. Qxf5 Kh8 26.
O-O-O Rxc2+ 27. Qxc2 Rxc2+ 28. Kxc2 Qc7+ 29. Kb1 b3 30. Rc1 bxa2+ 0-1

[Event "XLIV Capablanca Memorial Open"]
[Site "Havana CUB"]
[Date "2009.06.12"]
[Round "5"]
[White "Garcia,Ser"]
[Black "Hernandez Moya,Y"]
[Result "1/2-1/2"]
[WhiteElo "2190"]
[BlackElo "2104"]
[EventDate "2009.06.08"]

1. e4 e6 2. d4 d5 3. Nc3 Bb4 4. e5 c5 5. a3 Bxc3+ 6. bxc3 Ne7 7. Bd3 Qc7 8.
Qg4 cxd4 9. Ne2 dxc3 10. Qxg7 Rg8 11. Qxh7 Qxe5 12. Bf4 Qf6 13. h4 Nbc6 14.
Bg5 Qe5 15. Bf4 Qf6 16. Bg5 Qe5 17. Kf1 Bd7 18. Bf4 Qf6 19. Bg5 Qe5 1/2-1/2

[Event "XLIV Capablanca Memorial Open"]
[Site "Havana CUB"]
[Date "2009.06.12"]
[Round "5"]
[White "Cori T.,D"]
[Black "Espinosa,E"]
[Result "1/2-1/2"]
[WhiteElo "2262"]
[BlackElo "2395"]
[EventDate "2009.06.08"]

1. d4 Nf6 2. Nf3 g6 3. c4 Bg7 4. g3 d6 5. Bg2 O-O 6. O-O Nc6 7. Nc3 a6 8.
h3 Rb8 9. e4 b5 10. cxb5 axb5 11. Qc2 b4 12. Na4 b3 13. Qxc6 Bd7 14. Qc3
Bxa4 15. axb3 Bxb3 16. Nd2 Be6 17. Qc2 c5 18. dxc5 Qc7 19. e5 Nd5 20. exd6
exd6 21. Ne4 Rfc8 22. Ng5 Qxc5 23. Qxc5 Rxc5 24. Ra6 Be5 25. Nxe6 fxe6 26.
h4 Kf7 27. Re1 Rb6 28. Ra4 Rb4 29. Ra8 Rbc4 30. Bg5 Rc8 31. Ra5 R4c5 32.
Ra4 Rc4 33. Ra5 R4c5 34. Ra3 Bxb2 35. Bxd5 Bxa3 36. Bxe6+ Kg7 37. Bxc8 Rxc8
38. Re7+ Kg8 39. Bf6 Rc2 40. Bd4 Bc5 41. Rg7+ Kf8 42. Rc7 Kg8 43. Kg2 Rc4
44. Be3 Rc3 45. Kf3 Ra3 46. Kf4 Bxe3+ 47. fxe3 Ra5 48. g4 h6 49. Rd7 g5+
50. hxg5 hxg5+ 51. Ke4 Re5+ 52. Kd4 Re6 53. e4 Kf8 54. Rh7 Re5 55. Rh3 Kg7
56. Rf3 Kg6 57. Rf8 Re6 58. Rg8+ Kf6 59. Rd8 Ke7 60. Rh8 Re5 1/2-1/2

[Event "XLIV Capablanca Memorial Open"]
[Site "Havana CUB"]
[Date "2009.06.12"]
[Round "5"]
[White "Real de Azua,E"]
[Black "Jimenez,P"]
[Result "1/2-1/2"]
[WhiteElo "2445"]
[BlackElo "2383"]
[EventDate "2009.06.08"]

1. e4 c5 2. Nf3 d6 3. d4 cxd4 4. Nxd4 Nf6 5. Nc3 e6 6. Be2 a6 7. O-O Nc6 8.
Be3 Be7 9. f4 Qc7 10. a4 O-O 11. Kh1 Bd7 12. Nb3 Na5 13. Nxa5 Qxa5 14. Qd3
Rac8 15. Bf3 Rfd8 16. Rfd1 Be8 17. Bd2 Qc7 18. Qe2 Nd7 19. a5 Bf6 20. Ra3
b5 21. axb6 Nxb6 22. Rxa6 Nc4 23. Bc1 Rb8 24. Ra2 Bxc3 25. bxc3 Rb1 26. h3
Qc5 27. Bd2 Rxd1+ 28. Qxd1 d5 29. Be1 Bc6 30. exd5 Bxd5 31. Bxd5 exd5 32.
Ra1 h6 33. Qf3 1/2-1/2